01452cam a22003377a 4500999001700000001000900017005001700026008004100043010001700084020001800101035002400119040005400143042001400197050002600211070002700237245009400264260012700358300003700485490003300522504005100555650002400606650002400630700003900654700003000693710003400723710003700757710003700794942003500831952012400866952012400990 c27271d272711660881020170208090356.0110112s2009 wiua b 001 0 eng d a 2009907452 a9780891181705 a(OCoLC)ocn430842880 aBTCTAcBTCTAdGZMdSDBdNDDdYDXCPdUIUdAGLdDLC alccopycat00aS592.6 .N5bN573 20090 aS592.6 b .N5E44 200900aNitrogen fixation in crop production /cDavid W. Emerich and Hari B. Krishnan, [editors]. aMadison, WI :bAmerican Society of Agronomy :bCrop Science Society of America :bSoil Science Society of America,cc2009. a[xvii], 421 p. :bill. ;c24 cm.0 aAgronomy monograph ;vno. 52 aIncludes bibliographical references and index. 0aCrops and nitrogen. 0aNitrogenxFixation.1 aEmerich, David W.q(David William)1 aKrishnan, Hariq(Hari B.)2 aAmerican Society of Agronomy.2 aCrop Science Society of America.2 aSoil Science Society of America. 2lcccBOOKShS592.6 .N5E44 2009 00102lcc4070aMUCbMUCcTECHd2017-02-08eDonation(BFA)l0oS592.6 .N5E44 2009p34964r2018-07-31w2017-02-08yBOOKS 00102lcc4070aMUCbMUCcTECHd2017-02-08eDonation(BFA)l0oS592.6 .N5E44 2009p35160r2018-07-19w2017-02-08yBOOKS